Tenure and sustainable use / (Registro nro. 1472)

Detalles MARC
000 -CABECERA
Campo de control 01879cam a2200373 a 4500
005 - FECHA Y HORA DE LA ULTIMA TRANSACCION
Campo de control 20200104041521.0
008 - ELEMENTOS DE LONGITUD FIJA—INFORMACION GENERAL
Campo de control 990713r1999 sz a grb 100 0 eng d
020 ## - ISBN
ISBN 2831704731
040 ## - FUENTE DE CATALOGACIÓN
Agencia catalogadora original UKM
Agencia transcriptora UKM
Agencia Modificadora DLC
-- CO-BoIAVH
041 0# - IDIOMA
Código de idioma para texto/pista de sonido o título separado Inglés
Código de idioma del sumario o resumen/título o subtítulo sobreimpreso frespa
042 ## - AUTHENTICATION CODE
Authentication code lccopycat
082 00 - NUMERO DE CLASIFICACION DECIMAL DEWEY
Número de clasificación 333.3
Número del ítem T31t
245 00 - MENCION DE TITULO
Título Tenure and sustainable use /
Mención de responsabilidad James Oglethorpe, editor.
260 ## - PUBLICACION, DISTRIBUCION, ETC. (PIE DE IMPRENTA)
Lugar de publicación, distribución, etc. Gland ;
-- Cambridge :
Nombre del editor, distribuidor, etc. IUCN,
Fecha de publicación, distribución, etc. c1999.
300 ## - DESCRIPCION FISICA
Extensión x, 181 p. :
Otros detalles físicos ill. ;
Dimensiones 30 cm.
500 ## - NOTA GENERAL
Nota general "Based on presentations at the following workshops: Influence of tenure and access rights on the sustainability of natural resource uses, 10th Global Biodiversity Forum, Bratislava, Slovakia, 1-3 May, 1998 and Tenure and sustainable use, organised by the Centre for Development and Environment, University of Oslo, 11-14 October, 1998 in collaboration with the Sustainable Use Initiative".
504 ## - NOTA DE BIBLIOGRAFIA, ETC.
Nota de bibliografía Includes bibliographical references.
546 ## - NOTA DE IDIOMA
Nota de idioma Text in English with abstracts in French and Spanish.
650 #0 - ASIENTO SECUNDARIO DE MATERIA - TERMINO TEMATICO
Término temático o nombre geográfico como elemento de entrada Land tenure
Subdivisión de forma Congresses.
9 (RLIN) 61850
650 #0 - ASIENTO SECUNDARIO DE MATERIA - TERMINO TEMATICO
Término temático o nombre geográfico como elemento de entrada tenencia de la tierra
9 (RLIN) 61851
650 #0 - ASIENTO SECUNDARIO DE MATERIA - TERMINO TEMATICO
Término temático o nombre geográfico como elemento de entrada Sustainable development
Subdivisión de forma Congresses.
9 (RLIN) 61852
650 #0 - ASIENTO SECUNDARIO DE MATERIA - TERMINO TEMATICO
Término temático o nombre geográfico como elemento de entrada Desarrollo sostenible
9 (RLIN) 278
650 #0 - ASIENTO SECUNDARIO DE MATERIA - TERMINO TEMATICO
Término temático o nombre geográfico como elemento de entrada Sustainable agriculture
Subdivisión de forma Congresses.
9 (RLIN) 61854
650 #0 - ASIENTO SECUNDARIO DE MATERIA - TERMINO TEMATICO
Término temático o nombre geográfico como elemento de entrada Agricultura sostenible
9 (RLIN) 210
650 #0 - ASIENTO SECUNDARIO DE MATERIA - TERMINO TEMATICO
Término temático o nombre geográfico como elemento de entrada Natural resources
Subdivisión general Management
Subdivisión de forma Congresses.
9 (RLIN) 61856
651 #6 - ASIENTO SECUNDARIO DE MATERIA - NOMBRE GEOGRAFICO
Nombre geográfico Recursos naturales
9 (RLIN) 61857
700 1# - ASIENTO SECUNDARIO - NOMBRE PERSONAL
Nombre personal Oglethorpe, James.
9 (RLIN) 12436
710 2# - ASIENTO SECUNDARIO - NOMBRE CORPORATIVO
Nombre corporativo o de jurisdicción como elemento de entrada Sustainable Use Initiative (Organization)
9 (RLIN) 61858
710 2# - ASIENTO SECUNDARIO - NOMBRE CORPORATIVO
Nombre corporativo o de jurisdicción como elemento de entrada Universitetet i Oslo.
Unidad subordinada Senter for utvikling og milj�.
9 (RLIN) 61859
710 2# - ASIENTO SECUNDARIO - NOMBRE CORPORATIVO
Nombre corporativo o de jurisdicción como elemento de entrada International Union for Conservation of Nature and Natural Resources.
9 (RLIN) 61860
711 0# - ASIENTO SECUNDARIO - NOMBRE DE REUNION
Nombre de la reunión o nombre de la jurisdicción como elemento de entrada Global Biodiversity Forum
Number of part/section/meeting (10th :
Fecha de la reunión o firma del tratado 1998 :
Lugar de la reunión Bratislava, Slovakia)
9 (RLIN) 61861
942 ## - ELEMENTOS ADICIONALES (KOHA)
Sistema de clasificación Dewey Decimal Classification
Tipo de ítem Libro
Existencias
Withdrawn status Lost status Sistema de Clasificación Damaged status No para préstamo Colección Inventariado Ubicación Permanente Ubicación actual Fecha de adquisición Fuente de Valor Valor Total Checkouts Número topográfico Inventario / Código de Barras Date last seen Ejemplar Price effective from Forma de adquisición Tipo de material
    Dewey Decimal Classification     General Inventariado 2017 Bogotá Bogotá 01/09/1999 Instituto 39000.00   LB-333.3 T31t 002025 04/12/2012 Ej. 1 04/12/2012   Libro
    Dewey Decimal Classification     General Inventariado 2017 Sala Fabio Quevedo Sala Fabio Quevedo 12/03/2003 Instituto 39000.00   LB-333.3 T31t 004833 04/12/2012 Ej. 2 04/12/2012   Libro